000 00983nam a2200277Ia 4500
003 OSt
005 20221005103346.0
006 a|||||r|||| 00| 0
007 ta
008 221004b |||||||| |||| 00| 0 hin d
020 _cIndian Rupees 5.00
024 _a39391
037 _bGift, 18/09/2018,
_cTextual
040 _aCRL
_cCRL
_bhin
041 _2hin
_ahin
082 _aO152,3N24x, L3
100 _aपरसाई, हरिशंकर, ले.
245 0 _aएक लड़की, पॉंच दीवाने
246 _aEk laड़kī, paॉancha dīvāne
260 _aजबलपुर
_bलोकचेतना प्रकाशन भारत
_c1973
300 _a90पृ0
_ccm.
650 _a हिन्दी साहित्य
650 _aहिन्दी कहानी
942 _hO152,3N24x, L3
_cTEXL
_2cc
999 _c1009943
_d1009943